| 000 | 01680nam a2200253Ia 4500 | ||
|---|---|---|---|
| 003 | Ost | ||
| 005 | 20260507075728.0 | ||
| 008 | 260507s9999||||xx |||||||||||||| ||und|| | ||
| 020 | _a3104328977 | ||
| 040 | _cfsecg | ||
| 041 | _aara | ||
| 082 | _a341.44 | ||
| 100 |
_aسيف، طارق _eمؤلف |
||
| 245 | 0 |
_aالخسارة البحرية المشتركة / _c طارق سيف |
|
| 260 |
_aالاسكندرية: _bدار الجامعة الجديدة, _c2003 |
||
| 300 |
_a228 صفحة؛ _c24 سم |
||
| 490 | _aالمكتبة القانونية | ||
| 520 | _aهذا الكتاب يتناول موضوع الخسارة البحرية المشتركة ( العوارية العامة ) دراسة تفصيلية لقواعد يورك - انتوريب 1994- مفهوم العوارية العامة - انواع الخسارات البحرية - الاصول القانونية و التاريخية للعوارية العامة - العوارية العامة و الشريعة الاسلامية - شرح مفصل لقواعد يورك انتوريب 1994 و انتقاداتها - قواعد يورك انتوريب 1994 و التلوث البحري - اسلوب تسوية العوارية العامة - تسوية العوارية العامة في حالة السفن المستاجرة - العوارية العامة بسندات الشحن و مشارطات الايجار مع عدد من الامثلة الحسابية و الحالات التطبيقية. | ||
| 653 | _aالسفن - حوادث | ||
| 653 | _aالعقود البحرية | ||
| 653 | _aالقانون الدولي البحري | ||
| 653 | _aالنقل البحري | ||
| 942 | _cكتاب | ||
| 999 |
_c46005 _d46005 |
||